[Event "C.to Europeo U16"]
[Site "Fermo ITA"]
[Date "2009.09.07"]
[Round "7"]
[White "Antolin Concha, Diego"]
[Black "Jacko, Vladimir"]
[Result "1-0"]
[WhiteElo "2252"]
[BlackElo "2137"]
[PlyCount "95"]
[EventDate "2009.08.31"]

1. d4 Nf6 2. c4 e5 3. dxe5 Ng4 4. Bf4 g5 5. Bd2 Nxe5 6. Bc3 Bg7 7. e3 Qe7 8.
Be2 Rg8 9. Nf3 d6 10. Qc2 h6 11. Nd4 Nbc6 12. Nd2 Bd7 13. Nf5 Bxf5 14. Qxf5 Qe6
15. Qc2 O-O-O 16. b4 Qg6 17. Qb3 Nd3+ 18. Bxd3 Qxd3 19. Bxg7 Qxb3 20. axb3 Rxg7
21. b5 Ne5 22. Rxa7 Kb8 23. Ra2 d5 24. Ke2 c6 25. bxc6 Nxc6 26. Rd1 f5 27. Nf3
dxc4 28. Rxd8+ Nxd8 29. bxc4 Ne6 30. Nd4 Nxd4+ 31. exd4 Re7+ 32. Kd3 Re1 33. d5
Kc7 34. Kd4 b6 35. Ra7+ Kd6 36. Rb7 Rd1+ 37. Kc3 Rc1+ 38. Kd3 Rb1 39. Rh7 Rd1+
40. Ke2 Rd4 41. Rxh6+ Kc5 42. Rc6+ Kb4 43. h3 Kc3 44. Rxb6 Kxc4 45. Rg6 g4 46.
hxg4 fxg4 47. Ke3 Kxd5 48. Rd6+ 1-0

[Event "C.to Europeo U16"]
[Site "Fermo ITA"]
[Date "2009.09.07"]
[Round "7"]
[White "Arribas Lopez, Angel"]
[Black "Rioboo De Larriva, Alvaro"]
[Result "1-0"]
[WhiteElo "2429"]
[BlackElo "2150"]
[PlyCount "101"]
[EventDate "2009.08.31"]

1. e4 c5 2. Nf3 g6 3. d4 cxd4 4. Nxd4 Nc6 5. Nc3 Bg7 6. Nb3 Nf6 7. Bc4 O-O 8.
O-O b6 9. Re1 Bb7 10. Bf1 d6 11. Nd5 Nxd5 12. exd5 Na5 13. Nxa5 bxa5 14. Rb1
Re8 15. Bb5 Rf8 16. Bg5 Qb6 17. a4 e5 18. Be3 Qc7 19. Bf1 f5 20. f3 Bf6 21. c4
Bh4 22. g3 Be7 23. Qd2 Bc8 24. Qf2 Bd7 25. b3 Rfb8 26. Rec1 Rb7 27. c5 dxc5 28.
Bxc5 Bxc5 29. Rxc5 Qb6 30. Re1 Rc7 31. Rxc7 Qxc7 32. Bc4 Kg7 33. f4 e4 34. Kg2
Qd6 35. Qb2+ Qf6 36. Qd2 Re8 37. Qxa5 Re7 38. Qxa7 Bb5 39. Qc5 Bxc4 40. bxc4
Rb7 41. Re2 Qc3 42. Kh3 Qd3 43. Rf2 Rd7 44. a5 h6 45. a6 e3 46. Rf3 g5 47. fxg5
hxg5 48. Qxe3 g4+ 49. Kh4 Qc2 50. Qe5+ Kg8 51. Qe8+ 1-0

[Event "C.to Europeo U16"]
[Site "Fermo ITA"]
[Date "2009.09.07"]
[Round "7"]
[White "Arvola, Benjamin"]
[Black "Pecurica, Milos"]
[Result "0-1"]
[WhiteElo "2144"]
[BlackElo "2010"]
[PlyCount "42"]
[EventDate "2009.08.31"]

1. d4 d5 2. c4 c6 3. Nc3 Nf6 4. Nf3 e6 5. Bg5 h6 6. Bh4 dxc4 7. e4 g5 8. Bg3 b5
9. h4 g4 10. Ne5 h5 11. Be2 Bb7 12. O-O Nbd7 13. Qc2 Nxe5 14. Bxe5 Bg7 15. d5
cxd5 16. Nxb5 O-O 17. Nd6 Nxe4 18. Nxe4 Bxe5 19. Ng5 f5 20. Nxe6 Qxh4 21. f4 g3
0-1

[Event "C.to Europeo U16"]
[Site "Fermo ITA"]
[Date "2009.09.07"]
[Round "7"]
[White "Botto, Julien"]
[Black "Halvax, Georg"]
[Result "0-1"]
[WhiteElo "1906"]
[BlackElo "2260"]
[PlyCount "82"]
[EventDate "2009.08.31"]

1. e4 c5 2. Nf3 Nc6 3. d4 cxd4 4. Nxd4 Nf6 5. Nc3 e6 6. Nxc6 bxc6 7. e5 Nd5 8.
Ne4 Qc7 9. f4 Qb6 10. c4 Ne3 11. Qd3 Nf5 12. g4 Nd4 13. Bg2 h5 14. g5 h4 15. h3
Bb7 16. Be3 Nc2+ 17. Kf2 Nxe3 18. Qxe3 Qxb2+ 19. Kf3 Ba6 20. Rhb1 Qc2 21. Rc1
Qa4 22. Qd4 Ba3 23. Rd1 O-O 24. Bf1 Rab8 25. Qxd7 Bxc4 26. Rd4 Bb2 27. Rxc4
Qa3+ 28. Kg4 Bxa1 29. Kxh4 Qf3 30. Ng3 Rb1 31. Be2 Qf2 32. Qxc6 Rg1 33. Qf3 Bd4
34. Qxf2 Bxf2 35. Rc3 Rg2 36. Bf1 Bxg3+ 37. Rxg3 Rxa2 38. Kg4 g6 39. h4 Kg7 40.
h5 gxh5+ 41. Kxh5 Rf2 0-1

[Event "C.to Europeo U16"]
[Site "Fermo ITA"]
[Date "2009.09.07"]
[Round "7"]
[White "Colon Garcia, Enrique"]
[Black "Seegert, Kristian"]
[Result "1-0"]
[WhiteElo "2173"]
[BlackElo "2103"]
[PlyCount "87"]
[EventDate "2009.08.31"]

1. Nf3 Nf6 2. c4 c6 3. e3 d5 4. d4 e6 5. Nbd2 Nbd7 6. Bd3 dxc4 7. Nxc4 b5 8.
Nce5 Bb7 9. O-O Bd6 10. b3 O-O 11. Bb2 a6 12. Ng5 h6 13. Ne4 Nxe4 14. Bxe4 Bxe5
15. dxe5 Qc7 16. f4 Rad8 17. Qc2 c5 18. Rad1 Bxe4 19. Qxe4 Nb6 20. f5 Rxd1 21.
Rxd1 Rd8 22. Rf1 Qd7 23. f6 g6 24. Qh4 Kh7 25. e4 Qe8 26. Bc1 Qf8 27. Be3 Nd7
28. Rd1 c4 29. b4 c3 30. Rd3 c2 31. Bc1 h5 32. Qg5 Kg8 33. Qd2 Qe8 34. h4 a5
35. a3 axb4 36. axb4 Qf8 37. Rxd7 Rxd7 38. Qxd7 Qxb4 39. Qd8+ Qf8 40. Qxf8+
Kxf8 41. Kf2 Ke8 42. Ke2 Kd7 43. Kd2 Kc6 44. Ba3 1-0

[Event "C.to Europeo U16"]
[Site "Fermo ITA"]
[Date "2009.09.07"]
[Round "7"]
[White "Danilenko, Dmitriy"]
[Black "Kanarek, Marcel"]
[Result "1/2-1/2"]
[WhiteElo "2290"]
[BlackElo "2422"]
[PlyCount "84"]
[EventDate "2009.08.31"]

1. e4 c5 2. Nc3 g6 3. d4 cxd4 4. Qxd4 Nf6 5. Bb5 Nc6 6. Bxc6 bxc6 7. e5 Ng8 8.
e6 f6 9. exd7+ Qxd7 10. Nge2 Qxd4 11. Nxd4 e5 12. Nb3 Bf5 13. f4 Bxc2 14. fxe5
fxe5 15. O-O Bxb3 16. axb3 Bc5+ 17. Kh1 Ne7 18. Ne4 Bd4 19. Bg5 h6 20. Bf6 Rf8
21. Nd6+ Kd7 22. Nc4 Ke6 23. Bxe5 Bxe5 24. Rfe1 Rf5 25. g4 Rg5 26. Re4 Kd5 27.
Rae1 Bxh2 28. Kxh2 Ng8 29. Re6 Rf8 30. Rd6+ Kc5 31. Ree6 Rxg4 32. Rxc6+ Kb4 33.
Ne3 Rg5 34. Nc2+ Kxb3 35. Nd4+ Kb4 36. Nc2+ Kb3 37. Nd4+ Ka2 38. Rc2 Rh5+ 39.
Kg2 Rg5+ 40. Kh2 Rh5+ 41. Kg2 Rg5+ 42. Kh2 Rh5+ 1/2-1/2

[Event "C.to Europeo U16"]
[Site "Fermo ITA"]
[Date "2009.09.07"]
[Round "7"]
[White "De Ridder, Dieter"]
[Black "Ballas, Kleon-Evangelos"]
[Result "0-1"]
[WhiteElo "1914"]
[BlackElo "1859"]
[PlyCount "54"]
[EventDate "2009.08.31"]

1. e4 e5 2. Nf3 Nf6 3. Nxe5 d6 4. Nf3 Nxe4 5. d4 d5 6. Bd3 Nc6 7. O-O Be7 8.
Re1 Bg4 9. c4 Bxf3 10. Qxf3 Nxd4 11. Qg4 O-O 12. cxd5 f5 13. Qd1 Bc5 14. Nc3
Nxf2 15. Kxf2 Qh4+ 16. Kf1 f4 17. Re4 Qxh2 18. Rxd4 Qh1+ 19. Kf2 Bxd4+ 20. Kf3
Qh5+ 21. Ke4 Qe5+ 22. Kf3 Rae8 23. Qh1 h6 24. Ne4 Qxd5 25. b3 Rf7 26. Rb1 Be3
27. Bb2 Qxd3 0-1

[Event "C.to Europeo U16"]
[Site "Fermo ITA"]
[Date "2009.09.07"]
[Round "7"]
[White "Draskovic, Davor"]
[Black "Rozic, Samo"]
[Result "0-1"]
[WhiteElo "1702"]
[BlackElo "1999"]
[PlyCount "96"]
[EventDate "2009.08.31"]

1. e4 e6 2. d4 d5 3. Nc3 Nf6 4. Bg5 dxe4 5. Nxe4 Be7 6. Bxf6 gxf6 7. Nf3 a6 8.
Bd3 b5 9. Qe2 Bb7 10. O-O-O Nd7 11. Rhe1 Bd5 12. Kb1 c6 13. Nfd2 Nb6 14. f4 Qc7
15. f5 O-O-O 16. c4 bxc4 17. Nxc4 Kb7 18. Nc3 Bb4 19. Rf1 Rhf8 20. Rc1 Qxh2 21.
Nxb6 Kxb6 22. Nxd5+ exd5 23. Bxa6 Rd7 24. a3 Bd6 25. Rc3 Qh4 26. Rfc1 Qe4+ 27.
Qxe4 dxe4 28. Rxc6+ Ka7 29. Bc8 Rdd8 30. Ra6+ Kb8 31. Rcc6 Bc7 32. Rc5 e3 33.
Rc3 e2 34. Re3 Rfe8 35. Be6 fxe6 36. Rxe2 Rxd4 37. fxe6 Rd6 38. Rxd6 Bxd6 39.
Kc2 Be5 40. b4 Rxe6 41. a4 Rc6+ 42. Kb3 Rc3+ 43. Ka2 Kb7 44. Rd2 Kc6 45. Rd8
Rc2+ 46. Kb3 Rxg2 47. b5+ Kb6 48. Re8 Rd2 0-1

[Event "C.to Europeo U16"]
[Site "Fermo ITA"]
[Date "2009.09.07"]
[Round "7"]
[White "Fernandez Garcia, Jose' Miguel"]
[Black "Andreev, Sasho"]
[Result "0-1"]
[WhiteElo "2261"]
[BlackElo "2090"]
[PlyCount "108"]
[EventDate "2009.08.31"]

1. e4 c5 2. Nf3 e6 3. Nc3 d6 4. d4 cxd4 5. Nxd4 Nf6 6. Bc4 Nc6 7. Bb3 Be7 8.
Be3 Qc7 9. O-O a6 10. f4 O-O 11. Qf3 Rb8 12. f5 Kh8 13. Qh3 d5 14. exd5 Nxd4
15. Bxd4 exf5 16. Qd3 Ng4 17. g3 Bd6 18. Rae1 Bd7 19. Ne2 Rbe8 20. Qc3 Qxc3 21.
Nxc3 h5 22. Kg2 b5 23. a3 Kh7 24. h3 Ne5 25. Nd1 Ng6 26. c4 bxc4 27. Bxc4 h4
28. gxh4 Nxh4+ 29. Kf2 a5 30. Bd3 Ng6 31. Rxe8 Rxe8 32. Ne3 Be5 33. Bxe5 Rxe5
34. Ke2 Ne7 35. d6 Nc6 36. Kd2 g6 37. Rb1 f4 38. Nc4 Rd5 39. Kc3 Rxd3+ 40. Kxd3
Bf5+ 41. Ke2 Bxb1 42. Kf3 Bd3 43. Nb6 g5 44. d7 Bf5 45. h4 f6 46. Kf2 Be6 47.
hxg5 fxg5 48. b4 axb4 49. axb4 Kg7 50. Na4 Bxd7 51. Nc5 Bf5 52. b5 Nb8 53. Kf3
Kf6 54. Nb7 Ke5 0-1

[Event "C.to Europeo U16"]
[Site "Fermo ITA"]
[Date "2009.09.07"]
[Round "7"]
[White "Franciosi, Fausto"]
[Black "Meskovs, Nikita"]
[Result "0-1"]
[WhiteElo "1993"]
[BlackElo "2221"]
[PlyCount "42"]
[EventDate "2009.08.31"]

1. Nf3 Nf6 2. g3 g6 3. Bg2 Bg7 4. O-O O-O 5. d3 c5 6. e4 d6 7. c3 Nc6 8. Re1 e5
9. Nbd2 Nh5 10. a3 f5 11. b4 f4 12. Bb2 fxg3 13. fxg3 Bg4 14. b5 Ne7 15. Qb3+
Kh8 16. Kh1 Qd7 17. d4 Be6 18. d5 Bh3 19. Rf1 Qg4 20. Qc4 Bh6 21. Bxh3 Qxh3 0-1

[Event "C.to Europeo U16"]
[Site "Fermo ITA"]
[Date "2009.09.07"]
[Round "7"]
[White "Hajbok, Robert"]
[Black "Szabo, Bence"]
[Result "1-0"]
[WhiteElo "2274"]
[BlackElo "2243"]
[PlyCount "69"]
[EventDate "2009.08.31"]

1. d4 Nf6 2. c4 e6 3. Nf3 b6 4. g3 Ba6 5. b3 Bb4+ 6. Bd2 Be7 7. Bc3 O-O 8. Bg2
c6 9. O-O d5 10. Nbd2 Nbd7 11. Re1 Rc8 12. e4 dxe4 13. Nxe4 Nxe4 14. Rxe4 c5
15. Re1 Bf6 16. Qd3 Qc7 17. Rad1 Rfd8 18. Qe3 cxd4 19. Nxd4 Nc5 20. Nc6 Rxd1
21. Rxd1 Bxc3 22. Qxc3 Re8 23. Qe5 Qxe5 24. Nxe5 f6 25. Nd7 Nb7 26. b4 Nd8 27.
c5 bxc5 28. Nxc5 Bc8 29. b5 Nf7 30. a4 Re7 31. a5 Rc7 32. Rc1 Nd6 33. b6 axb6
34. axb6 Re7 35. Ne4 1-0

[Event "C.to Europeo U16"]
[Site "Fermo ITA"]
[Date "2009.09.07"]
[Round "7"]
[White "Hartl, Daniel"]
[Black "Schaeken, Yordi"]
[Result "1-0"]
[WhiteElo "2249"]
[BlackElo "2078"]
[PlyCount "103"]
[EventDate "2009.08.31"]

1. e4 c5 2. Nf3 Nf6 3. Nc3 d5 4. e5 Nfd7 5. e6 fxe6 6. d4 c4 7. g3 Qb6 8. Bh3
Nf6 9. O-O Nc6 10. Re1 Nd8 11. Ne2 g6 12. Ng5 Bh6 13. b3 cxb3 14. axb3 O-O 15.
Nf3 Bxc1 16. Rxc1 Ne4 17. Bg2 Nc6 18. c4 Na5 19. Rb1 Qb4 20. Qc2 Rxf3 21. Bxf3
Nd2 22. Qd3 Nxb1 23. Rxb1 dxc4 24. bxc4 Qxc4 25. Qa3 Nc6 26. Bxc6 bxc6 27. Qxe7
Qxe2 28. Qe8+ Kg7 29. Qxc6 Qd3 30. Rc1 Qd2 31. Rf1 Ba6 32. Qxa8 Bxf1 33. Qxa7+
Kh6 34. Kxf1 Qc1+ 35. Ke2 Qc2+ 36. Ke3 Qc1+ 37. Kf3 Qc3+ 38. Kg4 Qe1 39. f3 Qd2
40. Qc5 Kg7 41. Qe7+ Kg8 42. Qxe6+ Kg7 43. Qe5+ Kg8 44. h3 h5+ 45. Kh4 Kh7 46.
f4 Qa2 47. d5 Qa3 48. d6 g5+ 49. fxg5 Qa4+ 50. Kxh5 Qd1+ 51. g4 Qh1 52. g6+ 1-0

[Event "C.to Europeo U16"]
[Site "Fermo ITA"]
[Date "2009.09.07"]
[Round "7"]
[White "Huseyn, Orkhan Samir Oglu"]
[Black "Godart, Francois"]
[Result "1-0"]
[WhiteElo "2121"]
[BlackElo "2179"]
[PlyCount "73"]
[EventDate "2009.08.31"]

1. e4 e5 2. Nf3 Nc6 3. Bb5 Nge7 4. O-O g6 5. c3 a6 6. Ba4 Bg7 7. d4 exd4 8.
cxd4 O-O 9. d5 b5 10. Bc2 Na5 11. Nbd2 d6 12. Rb1 Bb7 13. b4 Nc4 14. Nxc4 bxc4
15. Nd2 c3 16. Nc4 f5 17. Bg5 fxe4 18. Na5 Rb8 19. b5 Qd7 20. Nc6 Nxc6 21. dxc6
Bxc6 22. bxc6 Qxc6 23. Rxb8 Rxb8 24. Re1 Qc5 25. Be3 Qe5 26. Ba7 Rb2 27. Rxe4
Qb5 28. a4 Qb7 29. Be3 d5 30. Re8+ Kf7 31. Rd8 c6 32. Bg5 Bf6 33. Bxf6 Rxc2 34.
Qxc2 Kxf6 35. Qxc3+ Kf7 36. Qf3+ Ke6 37. Re8+ 1-0

[Event "C.to Europeo U16"]
[Site "Fermo ITA"]
[Date "2009.09.07"]
[Round "7"]
[White "Immonen, Vihtori"]
[Black "Davi, Alessandro"]
[Result "1/2-1/2"]
[WhiteElo "1872"]
[BlackElo "2027"]
[PlyCount "78"]
[EventDate "2009.08.31"]

1. e4 c5 2. Nf3 Nc6 3. d4 cxd4 4. Nxd4 e5 5. Nb5 d6 6. N1c3 a6 7. Na3 Be7 8.
Nc4 b5 9. Ne3 Nf6 10. Ned5 O-O 11. a4 b4 12. Nxf6+ Bxf6 13. Nd5 a5 14. Be3 Rb8
15. Bc4 Bg5 16. O-O Kh8 17. Qd2 Bxe3 18. Nxe3 Nd4 19. Rad1 Qg5 20. Kh1 Rb6 21.
c3 bxc3 22. bxc3 Ne6 23. Nf5 Nf4 24. g3 Bxf5 25. gxf4 Bxe4+ 26. f3 Qg6 27. Qe3
Rb2 28. Rd2 exf4 29. Qxf4 Rxd2 30. Qxd2 h6 31. Qd4 Ba8 32. Bd5 Qf5 33. Bxa8
Rxa8 34. Qxd6 Re8 35. Qc6 Re6 36. Qb5 Re5 37. Qb8+ Kh7 38. Qb1 Qxb1 39. Rxb1
Rc5 1/2-1/2

[Event "C.to Europeo U16"]
[Site "Fermo ITA"]
[Date "2009.09.07"]
[Round "7"]
[White "Kaforos, Dimitrios-Alkis"]
[Black "Fiducioso, Marco"]
[Result "0-1"]
[WhiteElo "2209"]
[BlackElo "2122"]
[PlyCount "36"]
[EventDate "2009.08.31"]

1. e4 e6 2. Qe2 c5 3. Nf3 Nc6 4. g3 g6 5. Bg2 Bg7 6. Nc3 Nge7 7. d3 d5 8. Bd2
O-O 9. O-O-O b5 10. Nxb5 Rb8 11. c4 a6 12. Nc3 Qa5 13. e5 d4 14. Nb1 Qxa2 15.
Bg5 Bd7 16. Na3 Rb3 17. Bxe7 Nxe7 18. Rd2 Bh6 0-1

[Event "C.to Europeo U16"]
[Site "Fermo ITA"]
[Date "2009.09.07"]
[Round "7"]
[White "Kokotovic, Aleksandar"]
[Black "Berchtenbreiter, Maximilian"]
[Result "0-1"]
[WhiteElo "1967"]
[BlackElo "2143"]
[PlyCount "76"]
[EventDate "2009.08.31"]

1. e4 c5 2. Nf3 Nf6 3. Nc3 d6 4. d4 cxd4 5. Nxd4 a6 6. Be2 e5 7. Nb3 Be7 8. Be3
O-O 9. O-O Nbd7 10. a4 b6 11. f3 Bb7 12. Qe1 d5 13. exd5 Nxd5 14. Nxd5 Bxd5 15.
Rd1 Bc6 16. a5 b5 17. Qg3 Qb8 18. Rd2 f5 19. Qh3 Qc7 20. Rfd1 Kh8 21. Kh1 g6
22. Bf2 Bb4 23. c3 Be7 24. f4 exf4 25. Nd4 Nc5 26. Nxc6 Qxc6 27. Bf3 Ne4 28.
Bb6 Rae8 29. Qh6 Qe6 30. Rd7 Rf7 31. Bxe4 fxe4 32. Ra7 e3 33. Rxa6 Qg4 34. Rg1
Bf8 35. Qh3 Qxh3 36. gxh3 f3 37. Ra1 e2 38. Bf2 Bc5 0-1

[Event "C.to Europeo U16"]
[Site "Fermo ITA"]
[Date "2009.09.07"]
[Round "7"]
[White "Kotainy, Jens"]
[Black "Givon, Asaf"]
[Result "0-1"]
[WhiteElo "2270"]
[BlackElo "2132"]
[PlyCount "80"]
[EventDate "2009.08.31"]

1. Nf3 Nf6 2. c4 g6 3. Nc3 d5 4. cxd5 Nxd5 5. e4 Nxc3 6. dxc3 Qxd1+ 7. Kxd1 f6
8. Be3 e5 9. Nd2 Nd7 10. b4 a5 11. b5 Bc5 12. Nc4 Bxe3 13. Nxe3 Nb6 14. Kc2 Be6
15. Be2 Ke7 16. h4 h5 17. Rhd1 Rhd8 18. Rxd8 Rxd8 19. g3 Rd7 20. f4 Kd6 21. f5
gxf5 22. Rd1+ Kc5 23. Rxd7 Nxd7 24. Nxf5 Bf7 25. Ng7 Bg6 26. Kd3 Kxb5 27. Ke3+
Ka4 28. g4 hxg4 29. Bxg4 Nf8 30. h5 Bf7 31. Bf5 Ka3 32. Kd2 Kxa2 33. Kc2 b5 34.
h6 b4 35. cxb4 axb4 36. Ne6 b3+ 37. Kc3 b2 38. Nxf8 b1=Q 39. Nd7 Qc1+ 40. Kb4
Qxh6 0-1

[Event "C.to Europeo U16"]
[Site "Fermo ITA"]
[Date "2009.09.07"]
[Round "7"]
[White "Kovalev, Vladislav"]
[Black "Handler, Lukas"]
[Result "0-1"]
[WhiteElo "2307"]
[BlackElo "2115"]
[PlyCount "89"]
[EventDate "2009.08.31"]

1. e4 e5 2. Nf3 Nc6 3. Bb5 a6 4. Ba4 Nf6 5. O-O Be7 6. Re1 b5 7. Bb3 d6 8. c3
O-O 9. h3 Na5 10. Bc2 c5 11. d4 Qc7 12. Nbd2 cxd4 13. cxd4 Rd8 14. Nf1 exd4 15.
Nxd4 d5 16. e5 Ne4 17. Bf4 Qb6 18. Be3 Bc5 19. b3 b4 20. Qd3 g6 21. Nh2 Bb7 22.
Rac1 Rac8 23. Bb1 Nc3 24. Ng4 Nc6 25. Nf3 Bxe3 26. Rxe3 d4 27. Ree1 Ne7 28. Ng5
Qc6 29. f3 Kg7 30. Kh2 h6 31. Ne4 Nf5 32. Nef6 Qe6 33. Qd2 Nxb1 34. Rxb1 h5 35.
Nf2 Ne3 36. Rxe3 dxe3 37. Qxe3 Rc2 38. Qg5 Rh8 39. Nd3 Re2 40. Kh1 Bxf3 41.
gxf3 Qxh3+ 42. Kg1 Qxf3 43. Rf1 Qxd3 44. Nxh5+ Kg8 45. Qd8+ 0-1

[Event "C.to Europeo U16"]
[Site "Fermo ITA"]
[Date "2009.09.07"]
[Round "7"]
[White "Lortkipanidze, Nodar"]
[Black "Foster, James M."]
[Result "1-0"]
[WhiteElo "2218"]
[BlackElo "1867"]
[PlyCount "87"]
[EventDate "2009.08.31"]

1. e4 e6 2. Qe2 c5 3. c3 Nc6 4. g3 g6 5. Bg2 Bg7 6. f4 Nge7 7. Nf3 d6 8. O-O b6
9. d3 Ba6 10. f5 exf5 11. exf5 O-O 12. g4 Re8 13. Qd1 f6 14. fxg6 hxg6 15. Ne1
d5 16. Bf4 Qd7 17. Na3 Rad8 18. Rf2 Ne5 19. h3 g5 20. Bh2 N7g6 21. Nac2 Qb5 22.
a4 Qxb2 23. Nb4 Qxc3 24. Nxa6 Re7 25. a5 f5 26. Rc1 Qxa5 27. gxf5 Nf4 28. Bxf4
gxf4 29. Rxf4 Qxa6 30. f6 Rf7 31. Qh5 Bxf6 32. Rxf6 Rxf6 33. Qxe5 Rg6 34. Qf5
Rdd6 35. Nf3 Qb7 36. Re1 Rdf6 37. Qh5 Qf7 38. Ng5 Rf5 39. h4 a5 40. Re7 Rgxg5
41. Re8+ Kg7 42. Qh8+ Kg6 43. Rg8+ Qg7 44. Rxg7+ 1-0

[Event "C.to Europeo U16"]
[Site "Fermo ITA"]
[Date "2009.09.07"]
[Round "7"]
[White "Marchetti, Michael"]
[Black "Bongioanni, Alberto"]
[Result "1/2-1/2"]
[WhiteElo "1503"]
[BlackElo "1747"]
[PlyCount "140"]
[EventDate "2009.08.31"]

1. d4 d5 2. c4 e6 3. Nc3 Nf6 4. Bg5 Nbd7 5. Nf3 c6 6. e3 Qa5 7. Qc2 Ne4 8. a3
Bb4 9. Rc1 Bxc3+ 10. bxc3 Qxa3 11. Bf4 Ndf6 12. Nd2 Nxd2 13. Qxd2 Ne4 14. Qc2
f5 15. f3 Nf6 16. cxd5 Nxd5 17. g3 Bd7 18. Bd3 Qe7 19. Ke2 O-O 20. Be5 Rfc8 21.
e4 fxe4 22. Bxe4 Nf6 23. h4 Nxe4 24. Qxe4 Rf8 25. h5 Rf7 26. g4 Qg5 27. Rcg1
Raf8 28. f4 Qe7 29. g5 Rf5 30. h6 g6 31. Ra1 a6 32. Rhb1 Bc8 33. c4 c5 34. Rb6
cxd4 35. Bd6 Qd8 36. Rab1 R8f7 37. Qxd4 Qd7 38. c5 Qe8 39. Qe4 Rd7 40. Kf3 Qf7
41. Re1 Rd8 42. Rc1 e5 43. Bxe5 Re8 44. Rf6 Qb3+ 45. Rc3 Qd1+ 46. Qe2 Qd5+ 47.
Kg3 Rxf6 48. gxf6 Qe6 49. Qc4 Qxc4 50. Rxc4 g5 51. c6 b5 52. Rb4 Kf7 53. Kf3
Kg6 54. Ke4 gxf4 55. Kxf4 Be6 56. Rb1 Kf7 57. Rg1 Rg8 58. Rxg8 Kxg8 59. Bd6 Kf7
60. Ke5 a5 61. c7 b4 62. Kd4 Kxf6 63. c8=Q Bxc8 64. Kc4 Be6+ 65. Kb5 b3 66. Ba3
Ke5 67. Kxa5 Kd4 68. Kb4 Bg8 69. Bc1 Ke5 70. Kc3 Kd5 1/2-1/2

[Event "C.to Europeo U16"]
[Site "Fermo ITA"]
[Date "2009.09.07"]
[Round "7"]
[White "Melone, Antonio"]
[Black "Marguerettaz, Davy"]
[Result "1/2-1/2"]
[WhiteElo "1881"]
[BlackElo "2048"]
[PlyCount "53"]
[EventDate "2009.08.31"]

1. d4 d5 2. c4 c6 3. Nc3 Nf6 4. Nf3 dxc4 5. a4 Na6 6. e3 Bg4 7. Bxc4 e6 8. h3
Bh5 9. O-O Nb4 10. Re1 Be7 11. g4 Bg6 12. e4 O-O 13. Bf4 a6 14. Qe2 Qa5 15. Ne5
Rfe8 16. h4 c5 17. h5 Bxh5 18. gxh5 cxd4 19. Nb1 Bd6 20. Nc6 Nxc6 21. Bxd6 Qg5+
22. Bg3 Ne5 23. Ra3 Nxh5 24. Qd2 Qg6 25. Be2 Nxg3 26. Rxg3 Qxe4 27. Bh5 1/2-1/2

[Event "C.to Europeo U16"]
[Site "Fermo ITA"]
[Date "2009.09.07"]
[Round "7"]
[White "Mraz, Martin"]
[Black "Binci, Luca"]
[Result "1-0"]
[WhiteElo "1813"]
[BlackElo "1675"]
[PlyCount "81"]
[EventDate "2009.08.31"]

1. e4 c5 2. Nf3 d6 3. d4 cxd4 4. Nxd4 Nf6 5. Nc3 a6 6. Be3 e5 7. Nb3 Be6 8. f4
Nbd7 9. f5 Bxb3 10. axb3 b5 11. Qd3 Nc5 12. Bxc5 dxc5 13. Qxd8+ Rxd8 14. Rxa6
b4 15. Bb5+ Nd7 16. Nd5 h5 17. f6 gxf6 18. Nxf6+ Ke7 19. Nxd7 Rxd7 20. Bxd7
Kxd7 21. Rf1 Rh7 22. Rff6 Ke7 23. Rfb6 Kd7 24. Ra7+ Kc8 25. Rf6 Bh6 26. Rfxf7
Rxf7 27. Rxf7 Bc1 28. Rf5 Bxb2 29. Rxh5 Kd7 30. Rh6 Bd4 31. Ke2 Bg1 32. g4 Ke7
33. g5 Kf7 34. h4 Kg7 35. Rd6 Bh2 36. Rd5 Bf4 37. Rxc5 Kg6 38. Rc6+ Kh5 39. g6
Bh6 40. Kd3 Kxh4 41. Rc7 1-0

[Event "C.to Europeo U16"]
[Site "Fermo ITA"]
[Date "2009.09.07"]
[Round "7"]
[White "Nakar, Eylon"]
[Black "Tal, Eyal"]
[Result "1-0"]
[WhiteElo "2242"]
[BlackElo "2028"]
[PlyCount "57"]
[EventDate "2009.08.31"]

1. e4 c5 2. d3 Nc6 3. g3 g6 4. Bg2 Bg7 5. f4 d6 6. Nf3 Nf6 7. O-O O-O 8. Nc3
Rb8 9. h3 b5 10. g4 b4 11. Ne2 c4 12. Be3 Ba6 13. Rf2 Rc8 14. Ng3 cxd3 15. cxd3
Nd7 16. d4 Na5 17. f5 Nc4 18. Bg5 h6 19. Bc1 Qb6 20. g5 hxg5 21. Bxg5 e5 22. b3
Na3 23. Nh4 Rc2 24. f6 Rxf2 25. fxg7 Rxg2+ 26. Kxg2 Kxg7 27. Nhf5+ Kh7 28. Qg4
Bb7 29. Qh4+ 1-0

[Event "C.to Europeo U16"]
[Site "Fermo ITA"]
[Date "2009.09.07"]
[Round "7"]
[White "Piccinini, Samuele"]
[Black "Gouliaros-Antoniadis, Alexandros"]
[Result "1-0"]
[WhiteElo "1908"]
[BlackElo "1858"]
[PlyCount "151"]
[EventDate "2009.08.31"]

1. d4 Nf6 2. c4 c5 3. d5 b5 4. cxb5 a6 5. bxa6 g6 6. Nc3 Bxa6 7. e4 Bxf1 8.
Kxf1 d6 9. Nf3 Bg7 10. g3 Nbd7 11. Kg2 O-O 12. h3 Ra6 13. Nd2 Qa8 14. Nc4 Rb8
15. Kh2 Ne8 16. f4 Nc7 17. Re1 Nb5 18. Nxb5 Rxb5 19. a3 Ra4 20. Qc2 Ra6 21. Rb1
Nb6 22. b3 Qb7 23. Re3 Bd4 24. Rd3 f5 25. a4 Nxa4 26. Na3 fxe4 27. Rxd4 cxd4
28. Nxb5 Nc5 29. Nxd4 Qxd5 30. Qc4 Qxc4 31. bxc4 Ra4 32. Kg2 Nd3 33. Be3 Rxc4
34. Kf1 g5 35. fxg5 Ra4 36. Ne2 Ra3 37. Rd1 e5 38. Rb1 d5 39. Rb8+ Kf7 40. Rb7+
Kg6 41. Rb6+ Kf7 42. Rb7+ Kg6 43. Ra7 Rb3 44. h4 Rb1+ 45. Kg2 Re1 46. Ra2 d4
47. Bxd4 exd4 48. Nxd4 e3 49. Re2 Rxe2+ 50. Nxe2 Ne5 51. Nd4 Kh5 52. Kh3 Kg6
53. g4 Nf7 54. Ne6 Ne5 55. Kg3 Nd3 56. h5+ Kf7 57. Nd4 Nf2 58. Nc2 Nd3 59. Nxe3
Kg7 60. Kf3 Nc5 61. Kf4 Kf7 62. Kf5 Nd7 63. Nc4 Nf8 64. Ne5+ Kg7 65. h6+ Kg8
66. Kf6 Kh8 67. g6 Kg8 68. gxh7+ Nxh7+ 69. Kg6 Nf8+ 70. Kh5 Ne6 71. g5 Nf4+ 72.
Kg4 Nd5 73. g6 Ne7 74. Kg5 Nxg6 75. Kxg6 Kh8 76. Nf7+ 1-0

[Event "C.to Europeo U16"]
[Site "Fermo ITA"]
[Date "2009.09.07"]
[Round "7"]
[White "Piscitelli, Vito"]
[Black "Sagripanti, Michele"]
[Result "1/2-1/2"]
[WhiteElo "2067"]
[BlackElo "1893"]
[PlyCount "43"]
[EventDate "2009.08.31"]

1. e4 e6 2. d4 d5 3. Nd2 Nf6 4. e5 Nfd7 5. Bd3 c5 6. c3 Nc6 7. Ne2 Qb6 8. Nf3
Be7 9. O-O Nf8 10. a3 Bd7 11. Bc2 Ng6 12. Rb1 O-O 13. Nf4 cxd4 14. cxd4 Na5 15.
Nxg6 fxg6 16. Ng5 Bxg5 17. Bxg5 Rf7 18. a4 Rc8 19. b3 Nc6 20. Be3 Nb4 21. Bd3
Be8 22. Be2 1/2-1/2

[Event "C.to Europeo U16"]
[Site "Fermo ITA"]
[Date "2009.09.07"]
[Round "7"]
[White "Popilski, Gil"]
[Black "Javakhadze, Zurab"]
[Result "1-0"]
[WhiteElo "2392"]
[BlackElo "2309"]
[PlyCount "59"]
[EventDate "2009.08.31"]

1. e4 c5 2. Nf3 d6 3. d4 cxd4 4. Nxd4 Nf6 5. Nc3 g6 6. Be3 Bg7 7. f3 a6 8. Qd2
Nbd7 9. g4 b5 10. Nc6 Qc7 11. Nxe7 Bb7 12. Ned5 Nxd5 13. exd5 b4 14. Ne4 O-O
15. O-O-O Rfc8 16. Qf2 Qa5 17. Bd4 Qxa2 18. Bxg7 Kxg7 19. Qd4+ Kg8 20. Nxd6 Rc7
21. Bc4 b3 22. Kd2 Qa4 23. c3 Nc5 24. Nxf7 Rxf7 25. d6 Qc6 26. Bxf7+ Kxf7 27.
Rhe1 Qd5 28. Qxd5+ Bxd5 29. Re5 Bxf3 30. Rf1 1-0

[Event "C.to Europeo U16"]
[Site "Fermo ITA"]
[Date "2009.09.07"]
[Round "7"]
[White "Pozueta Alegria, Adrian"]
[Black "Mammadov, Zaur Fazahir Oglu"]
[Result "1-0"]
[WhiteElo "2022"]
[BlackElo "2235"]
[PlyCount "97"]
[EventDate "2009.08.31"]

1. e4 c6 2. d4 d5 3. Nc3 dxe4 4. Nxe4 Nf6 5. Nxf6+ gxf6 6. Nf3 Bg4 7. Be2 e6 8.
O-O Qc7 9. Nh4 Bxe2 10. Qxe2 Nd7 11. c3 O-O-O 12. b4 Bd6 13. g3 Rhg8 14. a4 f5
15. b5 f4 16. c4 c5 17. dxc5 Nxc5 18. Qc2 fxg3 19. fxg3 Rg4 20. Ng2 Ne4 21. Be3
Rdg8 22. Rf3 Bc5 23. Kh1 f5 24. Rd1 h5 25. Bxc5 Qxc5 26. Nf4 Ng5 27. Rfd3 Qe5
28. Qd2 Qe4+ 29. Ng2 Nf7 30. Re1 Ne5 31. Rxe4 Rxe4 32. Rd4 Nf3 33. Rxe4 Nxd2
34. Rxe6 Nxc4 35. Nf4 h4 36. gxh4 Nd2 37. h5 Rg4 38. h6 Ne4 39. Nd3 Rh4 40. Ne5
Ng5 41. Rg6 Rh5 42. a5 Ne4 43. b6 axb6 44. axb6 Kd8 45. Rg7 Nf6 46. Rxb7 Ke8
47. Rb8+ Ke7 48. b7 Rg5 49. Re8+ 1-0